[Event "Zuerich Chess Challenge Blitz"]
[Site "Zuerich"]
[Date "2014.01.29"]
[Round "4"]
[White "Carlsen, Magnus"]
[Black "Anand, Viswanathan"]
[Result "1-0"]
[WhiteElo "2872"]
[BlackElo "2773"]
[Annotator "Vidit,Santosh Gujrathi"]
[PlyCount "41"]
[EventDate "2014.01.29"]
[EventType "tourn (blitz)"]
[EventRounds "5"]
[EventCountry "SUI"]
[EventCategory "22"]
[SourceTitle "CBM 158 Extra"]
[Source "ChessBase"]
[SourceDate "2014.02.28"]
[SourceVersion "1"]
[SourceVersionDate "2014.02.28"]
[SourceQuality "1"]

1. Nf3 d5 2. b3 c5 3. e4 $5 {Reversed Budapest Gambit! Quite an unexpected choice.} dxe4 4. Ng5 Nf6 5. Nc3 {Generally in the Budapest Gambit the bishop is developed first as it provokes e6.5.Nc3 allows the extra option of 5...Bf5} (5. Bc4 e6 6. Nc3) 5... Nc6 (5... Bf5 6. Bb5+ Nc6 7. Qe2 Qd4 8. f3 exf3 9. Bxc6+ bxc6 10. Nxf3 {Is a typical way of playing in these lines.}) 6. Bc4 e6 7. Bb2 Be7 8. O-O O-O 9. Ncxe4 {The drawback of the extra tempo (b3) is that it stops one of the most typical plans in these lines i.e the a4-Ra3-Rh3!} Nxe4 $146 (9... h6 $5 10. Nxf6+ Bxf6 11. Bxf6 Qxf6 12. Ne4 Qe7 {With no weaknesses and extra control over the centre I would take the black pieces.}) ({RR} 9... h6 10. Nxf6+ Bxf6 11. Bxf6 Qxf6 12. Ne4 Qe7 13. f4 f5 14. Ng3 Kh8 15. Kh1 Bd7 16. Bb5 Rad8 17. Bxc6 Bxc6 18. Qe2 Qd6 19. d3 Qd5 20. Rad1 Rf6 21. Rf3 Qd4 22. Re3 Rg6 23. Rf1 Rd6 24. Re5 {Ferreruela Romero,J (2073)-Roche Simon,M (2170) Aragon 2017 0-1}) ({RR} 9... h6 10. Nxf6+ Bxf6 11. Bxf6 Qxf6 12. Ne4 Qe7 13. Qh5 b6 14. Rae1 Bb7 15. f4 Nd4 16. Bd3 Rad8 17. Ng5 f5 18. c3 hxg5 19. fxg5 g6 20. Qxg6+ Qg7 21. Qxg7+ Kxg7 22. cxd4 Rxd4 23. Bc4 Rxd2 24. Rf2 {Tsyhanchuk,S (2394)-Yegiazarian,A (2428) Perm 2014 1-0 (54)}) 10. Nxe4 e5 $2 {I was very surprised when Anand blitzed out this move within seconds.It opens the diagonal for c4 bishop plus allows white the opportunity to attack with f4. After the normal b6 I would infact prefer black's position} (10... b6 {& Black can simply play Bb7-Qd7-Rad8 whereas it isn't clear how white should develop an initiative.} 11. Qg4 {is simply met by} Nd4) 11. f4 exf4 12. Qh5 $2 {I absolutely see no reason for playing Qh5 before Rf4.} (12. Rxf4 $142 Be6 13. Bxe6 fxe6 14. Qg4 $40) 12... Nd4 $2 {Black had an opportunity to neutralize the attack by playing Be6. The same wouldn't have been possible after Rf4 because then White queen could go to g4 !} (12... Be6 $142 $1 13. Rxf4 Bxc4 14. bxc4 Nd4 $132) 13. Rxf4 {Anand sank into a deep thought here and his second Peter Leko on the live feed remarked "This is not usual for Vishy to spend so much time, he likes to play fast. I think he definitely feels some pressure here."} g6 (13... Be6 {was the lesser of the evils.} 14. Nxc5 Bxc4 15. Rxd4 Be2 $1 16. Rxd8 Bxh5 17. Rd5 Bg6 18. Re1 Bxc5+ 19. Rxc5 $16) 14. Qe5 $18 {Black is already lost now as white's attack is too strong.} b6 15. Raf1 Bf5 16. g4 (16. Rxf5 $5 gxf5 17. Rxf5 $18) 16... Be6 17. Bxe6 fxe6 18. Rxf8+ Bxf8 19. Nf6+ Kh8 20. c3 (20. Ne8+ Kg8 21. Qh8+ {Wasn't this more pretty? :)}) 20... Nc6 21. Ne8+ (21. Ne8+ Nxe5 22. Rxf8#) 1-0

[Event "Moscow-ch Superfinal playoff"]
[Site "Moscow"]
[Date "2014.01.31"]
[Round "1"]
[White "Grischuk, Alexander"]
[Black "Najer, Evgeniy"]
[Result "1-0"]
[WhiteElo "2777"]
[BlackElo "2646"]
[PlyCount "79"]
[EventDate "2014.01.31"]
[EventType "match (blitz)"]
[EventRounds "1"]
[EventCountry "RUS"]
[SourceTitle "CBM 158 Extra"]
[Source "ChessBase"]
[SourceDate "2014.02.28"]
[SourceVersion "1"]
[SourceVersionDate "2014.02.28"]
[SourceQuality "1"]

1. e4 c5 2. Nf3 e6 3. d3 Nc6 4. g3 g6 5. Bg2 Bg7 6. O-O Nge7 7. Re1 e5 8. a3 ({RR} 8. Na3 O-O 9. Nc4 d6 10. a4 h6 11. Nfd2 Be6 12. f4 exf4 13. gxf4 d5 14. Ne3 Qd7 15. Nf3 Rad8 16. e5 f6 17. exf6 Rxf6 18. Nf1 Rf7 19. c3 Bh3 20. Ng3 Bxg2 21. Kxg2 Rdf8 22. Rf1 g5 {Kobalia,M (2609)-Matamoros Franco,C (2498) Chess.com INT 2020 1-0 (32)}) ({RR} 8. Nbd2 O-O 9. Nf1 d6 10. h3 f5 11. c3 h6 12. N3h2 Be6 13. f4 Qd7 14. exf5 Nxf5 15. g4 Nh4 16. f5 gxf5 17. gxf5 Bxf5 18. Qh5 Nxg2 19. Kxg2 Qe6 20. Ng3 Bxh3+ 21. Kg1 Bf5 22. Be3 Qg6 {Vedant,N (2167)-Shubin,K (2455) chess.com INT 2025 0-1 (56)}) 8... O-O 9. b4 b6 $146 ({RR} 9... d6 10. bxc5 dxc5 11. Nbd2 h6 12. Bb2 Be6 13. Nf1 b5 14. h4 Qd7 15. N1h2 Rac8 16. h5 g5 17. a4 b4 18. Nd2 Na5 19. Nhf1 Rfd8 20. Ne3 b3 21. Bc3 bxc2 22. Qxc2 Nac6 23. Bf1 Nb4 24. Qb2 {Littlewood,J (2258)-Hanley,C (2418) Birmingham 2006 0-1 (48)}) ({RR} 9... d5 10. bxc5 dxe4 11. dxe4 Qa5 12. Be3 Rd8 13. Nbd2 Nd4 14. Nxd4 exd4 15. Nb3 Qa4 16. Bg5 f6 17. Bf4 Nc6 18. Bc7 Re8 19. f4 Be6 20. Bf1 Bf7 21. Qd3 a6 22. Red1 Bf8 23. Bb6 g5 24. Nxd4 {Jedraszek,P (2059)-Karolczuk,I (2324) Polanica Zdroj POL 2023 0-1 (70)}) 10. c3 d6 11. Nbd2 Be6 12. Ng5 Bd7 13. Nc4 h6 14. Nf3 Be6 15. Bd2 b5 16. Ne3 a5 17. Rc1 Qd7 18. h4 axb4 19. axb4 Ra2 20. Re2 Rfa8 21. Be1 Rxe2 22. Qxe2 Ra2 23. Qd1 Kh7 24. h5 g5 25. Nd5 Ra7 26. Bd2 Bg4 27. Be3 Rb7 28. bxc5 dxc5 29. Bxc5 Kg8 30. Qb3 Be6 31. Nd2 Kh7 32. Ra1 Nc8 33. Nf1 Nd6 34. Nfe3 Ne8 35. Qc2 Nc7 36. d4 exd4 37. cxd4 Nxd4 38. Bxd4 Bxd4 39. Rd1 Nxd5 40. exd5+ 1-0

[Event "Moscow op-F"]
[Site "Moscow"]
[Date "2014.02.04"]
[Round "4"]
[White "Stukopin, Andrey"]
[Black "Eliseev, Urii"]
[Result "1-0"]
[WhiteElo "2517"]
[BlackElo "2549"]
[PlyCount "55"]
[EventDate "2014.02.01"]
[EventType "tourn"]
[EventRounds "9"]
[EventCountry "RUS"]
[EventCategory "12"]
[SourceTitle "CBM 158 Extra"]
[Source "ChessBase"]
[SourceDate "2014.02.28"]
[SourceVersion "1"]
[SourceVersionDate "2014.02.28"]
[SourceQuality "1"]

1. Nf3 d5 2. b3 Bf5 3. Bb2 e6 4. g3 Nf6 5. Bg2 Be7 6. O-O O-O 7. Nh4 Be4 8. f3 Bg6 9. Nxg6 hxg6 10. e4 c5 11. e5 $146 ({RR} 11. d3 Nc6 12. Nd2 Re8 13. f4 d4 14. Qe2 Qd7 15. Nc4 Qc7 16. a4 a6 17. a5 e5 18. Bc1 Bf8 19. Bd2 Nd7 20. Rf2 b5 21. axb6 Nxb6 22. Nxb6 Qxb6 23. f5 gxf5 24. exf5 f6 25. Bd5+ {1-0 (25) Anuj,S (2350)-Funderburg,J (2100) Chess.com INT 2022}) ({RR} 11. d3 Nc6 12. Nd2 Re8 13. f4 d4 14. Qe2 Qd7 15. Nc4 Qc7 16. a4 a6 17. a5 e5 18. Bc1 Bf8 19. Bd2 Nd7 20. Rf2 b5 21. axb6 Nxb6 22. Nxb6 Qxb6 23. f5 gxf5 24. exf5 f6 25. Bd5+ {1-0 (25) Anuj,S (2350)-Funderburg,J (2100) Chess.com INT 2022}) 11... Nfd7 12. f4 c4 13. Kh1 Nc6 14. Nc3 Qa5 15. bxc4 dxc4 16. Ne4 Nb6 17. h4 Rfd8 18. Bc3 Qa3 19. h5 gxh5 20. Qxh5 g6 21. Qh6 Nd5 22. g4 Bf8 23. Qh4 Bb4 24. Bxb4 Qxb4 25. Ng5 Rd7 26. Bxd5 exd5 27. Qh7+ Kf8 28. e6 1-0

[Event "EU-ch 15th"]
[Site "Yerevan"]
[Date "2014.03.05"]
[Round "3"]
[White "Artemiev, Vladislav"]
[Black "Khismatullin, Denis Rimovich"]
[Result "1-0"]
[WhiteElo "2621"]
[BlackElo "2714"]
[PlyCount "85"]
[EventDate "2014.03.03"]
[EventType "swiss"]
[EventRounds "11"]
[EventCountry "ARM"]
[SourceTitle "CBM 160"]
[Source "ChessBase"]
[SourceDate "2014.05.15"]
[SourceVersion "1"]
[SourceVersionDate "2014.05.15"]
[SourceQuality "1"]

1. Nf3 Nf6 2. g3 b5 3. Bg2 Bb7 4. O-O e6 5. d3 Be7 6. e4 O-O 7. c4 ({RR} 7. e5 Ne8 8. c4 a6 9. Nc3 b4 10. Ne4 Bxe4 11. dxe4 a5 12. Qe2 Na6 13. Rd1 Nc5 14. Nd4 Qb8 15. Be3 c6 16. f4 a4 17. Qf2 Ra5 18. Qe2 Nc7 19. Rd2 N7a6 20. Rad1 g6 21. Bf2 Rc8 {Meier,G (2613)-Andreikin,D (2729) Chess.com INT 2022 0-1 (54)}) ({RR} 7. e5 Ne8 8. Nc3 a6 9. a4 b4 10. Ne4 d6 11. Bf4 dxe5 12. Nxe5 Bd5 13. c4 bxc3 14. bxc3 Nd7 15. c4 Nxe5 16. Bxe5 Bxe4 17. Bxe4 Rb8 18. Rb1 Nf6 19. Bg2 Bd6 20. Bc3 Rxb1 21. Qxb1 Qb8 {Yurtseven,M (2339)-Fabris,A (2230) chess.com INT 2025 1-0 (51)}) 7... b4 $146 ({RR} 7... bxc4 8. e5 Nd5 9. dxc4 Nb6 10. Qe2 d5 11. exd6 cxd6 12. Nc3 Nc6 13. Rd1 Rc8 14. c5 Nd5 15. Nxd5 exd5 16. Rxd5 Ne5 17. Rd1 Rxc5 18. Nxe5 Bxg2 19. Nd3 Qa8 20. Nxc5 dxc5 21. Bf4 Bf6 22. Re1 {Dubov,D (2661)-Savchenko,B (2567) Moscow 2015 0-1 (44)}) ({RR} 7... bxc4 8. e5 Nd5 9. dxc4 Nb6 10. Qe2 d5 11. exd6 cxd6 12. Rd1 N8d7 13. Nc3 Qc8 14. b3 d5 15. Nxd5 Nxd5 16. cxd5 Bxd5 17. Bf4 Ba3 18. Ng5 Bxg2 19. Kxg2 Qb7+ 20. Kg1 h6 21. Ne4 Rfd8 22. Bd6 {Perez Ponsa,F (2594)-Villanueva,M (2451) Buenos Aires 2017 ½-½ (31)}) 8. e5 Ne8 9. d4 d6 10. Qc2 Nd7 11. Ng5 Bxg5 12. Bxb7 Rb8 13. Bxg5 Qxg5 14. Bc6 Rd8 15. f4 Qe7 16. Kg2 dxe5 17. dxe5 f6 18. exf6 Nexf6 19. Nd2 Ng4 20. Rae1 Qc5 21. Qe4 Nde5 22. Nb3 Qxc6 23. fxe5 Nxe5 24. Qxc6 Nxc6 25. Rxe6 Nd4 26. Rxf8+ Kxf8 27. Nc5 c6 28. Re4 Kf7 29. Kf2 g5 30. h4 h6 31. hxg5 hxg5 32. g4 Rd6 33. Re5 Kf6 34. Re8 Kf7 35. Ra8 Rf6+ 36. Ke3 Ne6 37. Rxa7+ Kg6 38. Nd3 Nf4 39. Ne5+ Kh6 40. Ra6 Ng2+ 41. Ke2 Rf4 42. Rxc6+ Kh7 43. Rc5 1-0

[Event "Reykjavik op"]
[Site "Reykjavik"]
[Date "2014.03.06"]
[Round "4"]
[White "Rapport, Richard"]
[Black "Ramirez Alvarez, Alejandro"]
[Result "1-0"]
[WhiteElo "2681"]
[BlackElo "2599"]
[PlyCount "101"]
[EventDate "2014.03.04"]
[EventType "swiss"]
[EventRounds "10"]
[EventCountry "ISL"]
[SourceTitle "CBM 159 Extra"]
[Source "ChessBase"]
[SourceDate "2014.04.24"]
[SourceVersion "1"]
[SourceVersionDate "2014.04.24"]
[SourceQuality "1"]

1. Nf3 d5 2. b3 Bg4 3. Ne5 Bf5 4. e3 Nd7 5. Nxd7 Qxd7 6. Bb2 e6 7. d3 Ne7 $146 ({RR} 7... Nf6 8. Nd2 O-O-O 9. Be2 Kb8 10. a3 Bd6 11. c4 Qe7 12. b4 c6 13. Qa4 Bc7 14. Bd4 b6 15. Rc1 e5 16. Bb2 d4 17. e4 Bd7 18. Qb3 Be6 19. a4 Nd7 20. a5 b5 21. O-O Bd6 22. Qc2 {Rapport,R (2704)-Rohl Montes,J (2390) Tromsoe 2014 0-1 (59)}) 8. Nd2 Nc6 9. a3 Bg6 10. g3 f6 11. Bg2 Be7 12. Qe2 a5 13. O-O O-O 14. Nf3 Bh5 15. d4 Rad8 16. Rfe1 Rfe8 17. Rac1 Bf8 18. Ne5 Bxe2 19. Nxd7 Bh5 20. Nxf8 Kxf8 21. c4 Bf7 22. cxd5 exd5 23. Rc5 Rd6 24. Rec1 Ra8 25. a4 Rdd8 26. Ba3 Kg8 27. g4 Be6 28. h3 Bf7 29. Kh2 Rd7 30. Kg3 h6 31. Bf1 Rdd8 32. Bd3 Be8 33. f4 g6 34. f5 g5 35. Be2 Kg7 36. Kf2 Bf7 37. Bb5 Be8 38. e4 dxe4 39. d5 Ne5 40. Rxc7+ Kg8 41. Bxe8 Rxe8 42. Ke3 Nd3 43. R1c2 Nf4 44. Rd2 Re5 45. Rd7 Nd3 46. Be7 Kf7 47. Bd6+ Ke8 48. Rh7 Rxd5 49. Ba3 Rad8 50. Re7+ Kf8 51. Rd7+ 1-0

[Event "Skopje Karposh op"]
[Site "Skopje"]
[Date "2014.04.02"]
[Round "6"]
[White "Markus, Robert"]
[Black "Semcesen, Daniel"]
[Result "1-0"]
[WhiteElo "2608"]
[BlackElo "2502"]
[PlyCount "113"]
[EventDate "2014.03.29"]
[EventType "swiss"]
[EventRounds "9"]
[EventCountry "MKD"]
[SourceTitle "CBM 159 Extra"]
[Source "ChessBase"]
[SourceDate "2014.04.24"]
[SourceVersion "1"]
[SourceVersionDate "2014.04.24"]
[SourceQuality "1"]

1. Nf3 d5 2. c4 dxc4 3. e3 Be6 4. Na3 Nf6 5. Bxc4 ({RR} 5. Nxc4 c5 6. Qa4+ Nbd7 7. d4 cxd4 8. Nxd4 Bd5 9. Bd2 g6 10. Ne5 Bg7 11. Nxd7 Nxd7 12. Qb5 e6 13. Qb4 a5 14. Qa3 Qe7 15. Qxe7+ Kxe7 16. Bc3 Bf6 17. f3 Rhc8 18. Bb5 Bc4 19. Bxd7 Kxd7 {Malakhov,V (2690)-Sokolov,I (2673) Sibenik 2007 ½-½ (46)}) ({RR} 5. Nxc4 g6 6. b3 Bg7 7. Bb2 O-O 8. Be2 c5 9. O-O Nc6 10. d4 cxd4 11. Nxd4 Bd5 12. Nxc6 Bxc6 13. Bf3 Bxf3 14. Qxf3 Qd5 15. Rfd1 Qxf3 16. gxf3 Rfc8 17. Rd2 Rc7 18. Rad1 Ne8 19. Rd8 Rcc8 {Danielsen,H (2514)-Semcesen,D (2469) Ballerup 2015 1-0 (44)}) 5... Bxc4 6. Nxc4 e6 7. Qb3 ({RR} 7. O-O Be7 8. b3 O-O 9. Bb2 c5 10. d4 Na6 11. Qe2 Rc8 12. Rac1 Qd5 13. Rfd1 Qe4 14. dxc5 Rxc5 15. Ba3 Rc7 16. Bxe7 Rxe7 17. Nd6 Qb4 18. Nc8 Rc7 19. Nxa7 Qa3 20. Rxc7 Nxc7 21. Nb5 Nxb5 {Colas,J (2224)-Holt,C (2540) chess.com INT 2024 1-0 (55)}) 7... b6 $146 ({RR} 7... Qd5 8. d4 Nbd7 9. O-O Be7 10. Rd1 O-O 11. Qc2 Qe4 12. Qxe4 Nxe4 13. b3 a5 14. a4 Rfd8 15. Bb2 Bb4 16. Rac1 c6 17. Nfe5 Nxe5 18. Nxe5 Nd2 19. Rc2 f6 20. Nd3 Nxb3 21. Bc3 Bxc3 22. Rxc3 {Bofill Mas,A (2323)-Mellado Trivino,J (2349) Barcelona 2020 0-1 (51)}) ({RR} 7... Qc8 8. d4 Be7 9. Bd2 O-O 10. Rc1 Nbd7 11. O-O c5 12. Nce5 Nxe5 13. Nxe5 Qb8 14. Bc3 Bd6 15. Nf3 cxd4 16. Bxd4 Nd7 17. Qb5 Rd8 18. Qh5 f6 19. e4 Be7 20. Qg4 Nf8 21. h4 Kh8 22. h5 {Saric,A (2523)-Sulava,N (2497) Zagreb 2012 1-0 (40)}) 8. O-O Be7 9. d4 O-O 10. Rd1 Qd5 11. Qc2 Qb7 12. Nce5 h6 13. Bd2 Rc8 14. b4 c5 15. bxc5 bxc5 16. Rab1 Qa6 17. dxc5 Rxc5 18. Qd3 Qxd3 19. Nxd3 Rd5 20. Nf4 Rd8 21. Ne5 g5 22. Nfd3 Kf8 23. Bb4 Bxb4 24. Nxb4 Rxd1+ 25. Rxd1 Ke8 26. Nc4 a5 27. Nd3 Nbd7 28. f3 Nd5 29. Kf2 Rb8 30. Rd2 a4 31. e4 N5b6 32. Nxb6 Rxb6 33. Rc2 Rb1 34. Rc4 Nb6 35. Rb4 Rxb4 36. Nxb4 Kd7 37. Ke3 Kd6 38. Kd4 f6 39. Nd3 Kc6 40. e5 f5 41. Nc5 Nd5 42. Nxa4 Nb4 43. Nc5 Nc2+ 44. Kc3 Ne3 45. Nxe6 Kd5 46. Nd4 Kxe5 47. g3 Nf1 48. a4 Nxh2 49. a5 Kd6 50. Nxf5+ Kc5 51. Nd4 h5 52. Ne6+ Kb5 53. Nxg5 Nf1 54. Ne4 Ne3 55. Nd6+ Ka6 56. Kd3 Nf1 57. Ne4 1-0

[Event "Skopje Karposh op"]
[Site "Skopje"]
[Date "2014.04.04"]
[Round "8"]
[White "Markus, Robert"]
[Black "Golod, Vitali"]
[Result "1-0"]
[WhiteElo "2608"]
[BlackElo "2573"]
[PlyCount "57"]
[EventDate "2014.03.29"]
[EventType "swiss"]
[EventRounds "9"]
[EventCountry "MKD"]
[SourceTitle "CBM 159 Extra"]
[Source "ChessBase"]
[SourceDate "2014.04.24"]
[SourceVersion "1"]
[SourceVersionDate "2014.04.24"]
[SourceQuality "1"]

1. Nf3 d5 2. g3 c6 3. Bg2 Bg4 4. d3 Nf6 5. O-O Nbd7 6. h3 Bh5 7. Qe1 e5 8. e4 dxe4 9. dxe4 Bxf3 ({RR} 9... Be7 10. Nh4 O-O 11. Nd2 Qc7 12. f4 exf4 13. gxf4 Rfe8 14. Kh1 Bb4 15. c3 Bf8 16. e5 Nd5 17. Ne4 Nc5 18. Ng3 Bg6 19. Nxg6 hxg6 20. Bxd5 cxd5 21. Be3 Ne6 22. Rd1 Rad8 23. Qe2 Bc5 24. Bd4 {Giri,A (2785)-So,W (2815) Chess.com INT 2017 1-0 (35)}) 10. Bxf3 Nc5 ({RR} 10... Bc5 11. Nd2 O-O 12. Nb3 Bd6 13. Bd2 Qc7 14. a4 a5 15. Nxa5 b5 16. b4 bxa4 17. Rxa4 c5 18. b5 Rfb8 19. c4 Nb6 20. Ra3 Nfd7 21. Qe2 Nf8 22. Bg4 g6 23. h4 h5 24. Bh3 Ra7 25. Rd3 {To,N (2299)-Poupalos,N (2207) chess.com INT 2025 1-0 (35)}) 11. Nd2 h5 $146 ({RR} 11... g6 12. Nc4 Bg7 13. Qb4 Qe7 14. Rd1 O-O 15. Be3 b6 16. Bxc5 bxc5 17. Qa4 Qe6 18. Kg2 Rfd8 19. c3 Bf8 20. Na5 Rxd1 21. Rxd1 Rb8 22. b3 Rb6 23. Rd8 Kg7 24. Ra8 Ra6 25. Be2 Rxa5 26. Qxa5 {Bawart,M (2349)-Kummer,H (2370) Austria 2008 0-1 (35)}) 12. Nc4 h4 13. g4 Nfd7 14. Qc3 Ne6 15. Rd1 Qc7 16. g5 b5 17. Rxd7 Qxd7 18. Nxe5 Qc7 19. g6 f6 20. Nf7 Bc5 21. Bg4 b4 22. Qc4 Bxf2+ 23. Kh1 Qd7 24. Qxe6+ Qxe6 25. Bxe6 O-O 26. Bf4 Bg3 27. Bxg3 hxg3 28. Nd6+ Kh8 29. Rf1 1-0

[Event "Wch Blitz final (Women)"]
[Site "Khanty-Mansiysk"]
[Date "2014.04.27"]
[Round "15"]
[White "Harika, Dronavalli"]
[Black "Khotenashvili, Bela"]
[Result "1-0"]
[WhiteElo "2507"]
[BlackElo "2513"]
[PlyCount "106"]
[EventDate "2014.04.23"]
[EventType "swiss (blitz)"]
[EventRounds "30"]
[EventCountry "RUS"]
[SourceTitle "CBM 160 Extra"]
[Source "ChessBase"]
[SourceDate "2014.07.01"]
[SourceVersion "1"]
[SourceVersionDate "2014.07.01"]
[SourceQuality "1"]

1. g3 g6 2. Bg2 Bg7 3. d3 d5 4. Nf3 c5 5. O-O Nc6 6. Nbd2 Nf6 7. e4 O-O 8. Re1 e6 9. c3 b6 10. e5 Nd7 11. d4 f6 12. exf6 Qxf6 13. Nb3 c4 14. Bg5 Qf7 15. Bf4 h6 16. Nbd2 Re8 $146 ({RR} 16... g5 17. Bd6 Re8 18. Ne5 Ncxe5 19. dxe5 Nc5 20. Bxc5 bxc5 21. Nxc4 Rf8 22. Qc2 Qf5 23. Qd2 Rb8 24. Nd6 Qg6 25. Kh1 g4 26. Re2 h5 27. Rae1 Bh6 28. Qc2 Qxc2 29. Rxc2 c4 30. Nxc8 Rbxc8 31. Kg1 {Gabdrakhmanov,A (2319)-Yanchenko,R (2467) Chess.com INT 2020 0-1 (56)}) ({RR} 16... g5 17. Bd6 Re8 18. Ne5 Ncxe5 19. dxe5 Nc5 20. Bxc5 bxc5 21. Nxc4 Rf8 22. Qc2 Qf5 23. Qd2 Rb8 24. Nd6 Qg6 25. Kh1 g4 26. Re2 h5 27. Rae1 Bh6 28. Qc2 Qxc2 29. Rxc2 c4 30. Nxc8 Rbxc8 31. Kg1 {Gabdrakhmanov,A (2319)-Yanchenko,R (2467) Chess.com INT 2020 0-1 (56)}) 17. Qe2 Bb7 18. h4 Nf8 19. Ne5 Nxe5 20. Bxe5 Bxe5 21. Qxe5 Nd7 22. Qe3 Kg7 23. Nxc4 dxc4 24. Bxb7 Rad8 25. Bc6 Re7 26. Bxd7 Rdxd7 27. Re2 Rd5 28. Rae1 Rf5 29. Qe4 b5 30. Qc6 h5 31. Rxe6 Rxe6 32. Qxe6 Rxf2 33. Qxf7+ Rxf7 34. Re5 a6 35. Re6 Rf3 36. Kg2 Rd3 37. Kf2 Kf7 38. Re3 Rd1 39. Re1 Rd2+ 40. Re2 Rd1 41. a3 Kf6 42. Ke3 Kf5 43. Rf2+ Ke6 44. Kf4 Kf6 45. Re2 Rb1 46. d5 Rd1 47. Re6+ Kf7 48. Ke5 Re1+ 49. Kd6 Rb1 50. Re7+ Kf6 51. Re2 g5 52. Kc7 Rd1 53. d6 g4 1-0

[Event "CZE-ch"]
[Site "Ostrava"]
[Date "2014.05.03"]
[Round "8"]
[White "Petr, Martin"]
[Black "Krejci, Jan1"]
[Result "1-0"]
[WhiteElo "2529"]
[BlackElo "2518"]
[PlyCount "97"]
[EventDate "2014.04.26"]
[EventType "swiss"]
[EventRounds "9"]
[EventCountry "CZE"]
[SourceTitle "CBM 160 Extra"]
[Source "ChessBase"]
[SourceDate "2014.07.01"]
[SourceVersion "1"]
[SourceVersionDate "2014.07.01"]
[SourceQuality "1"]

1. Nf3 {Gormally,Daniel} Nf6 2. g3 b5 3. Bg2 Bb7 4. Na3 a6 ({RR} 4... b4 5. Nc4 Nc6 ({RR} 5... a5) 6. Nd4 d5 7. Nxc6 Bxc6 8. Na5) 5. c4 b4 6. Nc2 e6 ({RR} 6... c5 7. O-O e6 8. d4 cxd4 9. Ncxd4 Be7 10. b3 O-O 11. Bb2 d6 12. Qd2 Qb6 13. a3 bxa3 14. Bxa3) 7. O-O a5 8. d4 Be7 ({RR} 8... Be4) 9. b3 ({RR} 9. d5 Na6 ({RR} 9... exd5 10. Nfd4 c6 11. cxd5 Nxd5 12. Nf5 O-O 13. e4) 10. Nfd4 Nc5 11. Re1 O-O 12. e4 e5 13. Nf5 d6 14. Bg5 ({RR} 14. Qf3 Nfd7) 14... Nxd5 ({RR} 14... h6 15. Bh4 ({RR} 15. Bxh6 gxh6 16. Qd2 Bc8) ({RR} 15. Be3 Bc8 ({RR} 15... Nfxe4 16. Bxe4 Nxe4 17. Qg4 Ng5 18. h4 h5 19. Nxe7+) 16. Qf3 Ncxe4) ({RR} 15. Bd2 Nd3 16. Bxh6 Nxe1 17. Bxg7 Bc8 ({RR} 17... Nxc2 18. Qxc2 Bc8) 18. Nce3 Nxg2 19. Kxg2 Re8) 15... Kh7 16. f4 Ng8 17. Nxe7 Nxe7 18. Ne3 f6) 15. Bh6 gxh6 16. Qg4+ Bg5 17. cxd5 Kh8 18. h4 Bf6 19. Nce3 Bc8 20. Qf3 Bg7 21. Bh3 Rg8 22. Bg4 Qf6 23. Bh5 Bxf5 {Carlsen,M (2863)-Vachier Lagrave,M (2765) Shamkir 2015 CBM 166 [Gormally,Daniel] 1-0 (54)}) 9... O-O 10. Bb2 ({RR} 10. a3 bxa3 11. Bxa3 Be4 12. Ne5 Bxg2 13. Kxg2 Bxa3 14. Rxa3 d6 15. Nd3 Nc6 16. e3 Nb4 17. Kg1 c5 18. f3 Nxc2 19. Qxc2 cxd4 20. exd4 e5 21. d5 e4 22. fxe4 Nxe4 23. Kg2 Re8 24. Raa1 Qb6 {Collins,A (2189)-Crowley,J (2122) Dublin IRL 2024 0-1 (72)}) 10... Be4 11. Ne3 $146 ({RR} 11. Bh3 Bxf3 12. exf3 d5 13. c5 Nc6 14. Ne1 Nd7 15. f4 g6 16. Nf3 Bf6 17. Ne5 Ndxe5 18. fxe5 Bg7 19. f4 Qd7 20. Re1 a4 21. Bf1 a3 22. Bc1 Rab8 23. Be3 f5 24. exf6 Bxf6 25. Bh3 Rfe8 {Trepat Herranz,J (2376)-Gonzalez Rodriguez,J (2259) Vallfogona de Balague 2017 0-1 (42)}) 11... Na6 12. Ne5 Bxg2 13. Nxg2 Qe8 14. d5 Nc5 15. f3 Bd6 16. Nd3 e5 17. e4 Qe7 18. Kh1 Nxd3 19. Qxd3 Bc5 20. f4 d6 21. fxe5 dxe5 22. Nh4 g6 23. Bc1 Ne8 24. Bh6 Ng7 25. Ng2 a4 26. Ne3 f6 27. Nc2 Rfb8 28. Be3 Ne8 29. Qd2 Ra5 30. Qf2 Kg7 31. g4 Bxe3 32. Qxe3 Rba8 33. Rac1 Rb8 34. Rf3 c5 35. Rcf1 axb3 36. axb3 Ra2 37. Ne1 Rba8 38. Nd3 R8a5 39. g5 fxg5 40. Nxe5 Rxh2+ 41. Kxh2 Qxe5+ 42. Kg1 Nd6 43. Rf6 Ra2 44. R6f2 Ra7 45. Qxc5 Re7 46. Qe3 Nxe4 47. Re2 h5 48. Qd3 g4 49. Rfe1 1-0